| 000 | 00519nam a2200181Ia 4500 | ||
|---|---|---|---|
| 003 | GCL | ||
| 008 | 140319s9999 xx 000 0 eng d | ||
| 040 |
_aGCL / _cGCL |
||
| 082 | 0 | 4 |
_a909.07 _bH M |
| 100 | 1 | _aHAREN, MICHAEL | |
| 245 | 1 | 0 |
_aMEDIEVAL THOUGHT: THE WESTERN INTELLECTUAL TRADITION FROM ANTIQUITY / _cHAREN, MICHAEL |
| 260 |
_a[S.N] : _bMACMILLAN ، _c1992 |
||
| 300 | _a315 P | ||
| 650 | 0 | 4 | _aMEDIEVAL HISTORY |
| 650 | 0 | 4 | _aHISTORY, MEDIEVAL PERIOD |
| 650 | 0 | 4 | _aUNIVERSITIES - HISTORY |
| 942 |
_2ddc _cBK |
||
| 999 |
_c21393 _d21393 |
||